The Next Day - David Bowie - Statistics

General Stats
  • This quiz has been taken 4 times
  • The average score is 9 of 35
Answer Stats
Answer % Correct
Original version The Next Day
100%
Original version Where Are We Now?
67%
Extra Edition Atomica
33%
Digital Edition Atomica
33%
Original version Dancing Out in Space
33%
Original version Dirty Boys
33%
Original version Heat
33%
Original version How Does the Grass Grow?
33%
Original version I'd Rather Be High
33%
Digital Edition I'd Rather Be High
33%
Extra Edition I'd Rather Be High (Venetian Mix)
33%
Deluxe/Vinyl Edition I'll Take You There
33%
Extra Edition I'll Take You There
33%
Original version Love Is Lost
33%
Extra Edition Love Is Lost
33%
Digital Edition Love Is Lost
33%
Deluxe/Vinyl Edition Plan
33%
Extra Edition Plan
33%
Deluxe/Vinyl Edition So She
33%
Extra Edition So She
33%
Extra Edition The Informer
33%
Digital Edition The Informer
33%
Original version The Stars (Are Out Tonight)
33%
Original version Valentine's Day
33%
Original version (You Will) Set the World on Fire
33%
Extra Edition Born in a UFO
0%
Digital Edition Born in a UFO
0%
Original version Boss of Me
0%
Japanese Deluxe Edition God Bless the Girl
0%
Extra Edition God Bless the Girl
0%
Digital Edition God Bless the Girl
0%
Original version If You Can See Me
0%
Extra Edition Like a Rocket Man
0%
Digital Edition Like a Rocket Man
0%
Original version You Feel So Lonely You Could Die
0%
No matching quizzes found
Score Distribution
Percent of People with Each Score
Percentile by Number Answered
Your Score History
You have not taken this quiz